000
00325nam a22001337a 4500
008
241127b |||||||| |||| 00| 0 eng d
020
_a
9782679410
050
_a
PN 1081
_b
.A34
100
_a
Adeniran Tunde
245
_a
The politics of Wole Soyinka
260
_a
Ibadan,Nigeria
_b
Fountain
_c
1994
300
_a
188
942
_c
BK
999
_c
1801
_d
1801